ខ្លាធំ និង សេក : (Record no. 8568)

MARC details
000 -LEADER
fixed length control field 01796nam a22003137a 4500
001 - CONTROL NUMBER
control field 8568
003 - CONTROL NUMBER IDENTIFIER
control field FISKH
005 - DATE AND TIME OF LATEST TRANSACTION
control field 20250930113626.0
008 - FIXED-LENGTH DATA ELEMENTS--GENERAL INFORMATION
fixed length control field 250930b cb ||||| |||| 00| 0 eng d
020 ## - INTERNATIONAL STANDARD BOOK NUMBER
International Standard Book Number 9789996301544
040 ## - CATALOGING SOURCE
Original cataloging agency FISKH
Language of cataloging khr
Transcribing agency FISKH
Modifying agency FISKH
050 ## - LIBRARY OF CONGRESS CALL NUMBER
Classification number PZ7
082 ## - DEWEY DECIMAL CLASSIFICATION NUMBER
Classification number 590
100 ## - MAIN ENTRY--PERSONAL NAME
Personal name Sotheary, Kimsun
245 ## - TITLE STATEMENT
Title ខ្លាធំ និង សេក :
Remainder of title Tiger and parrot /
Statement of responsibility, etc. រៀបរៀងដោយ អ្នកស្រី គឹមស៊ុន សុធារី
260 ## - PUBLICATION, DISTRIBUTION, ETC.
Place of publication, distribution, etc. Phnom Penh :
Name of publisher, distributor, etc. Reading Books ,
Date of publication, distribution, etc. 2012.
300 ## - PHYSICAL DESCRIPTION
Extent 20 pages :
Other physical details color illustrations ;
Dimensions 25 cm .
490 ## - SERIES STATEMENT
Series statement ពិភពរឿងនិទាន
505 ## - FORMATTED CONTENTS NOTE
Formatted contents note J <br/>
520 ## - SUMMARY, ETC.
Summary, etc. រឿងនេះមានបំណងផ្ដល់ដំបូន្មានដល់កុមារឲ្យប្រព្រឹត្តអំពើល្អ ស្រឡាញ់ និងយល់អាស្រ័យគ្នាទៅវិញទៅមក មិនគួរប្រព្រឹត្តអំពើអាក្រក់ចំពោះអ្នកដែលបានជួយសង្រ្គោះជីវិតរបស់ខ្លួន និងគួរជួយគ្នាក្នុងពេលត្រូវការជំនួយ។
520 ## - SUMMARY, ETC.
Summary, etc. This story is intended to advise children to do good deeds, love and understand with one another , not to treat badly to anyone who has saved them and help each other when they are in need .
521 8# - TARGET AUDIENCE NOTE
Target audience note 500 <br/>
Source Lexile estimate <br/>
521 8# - TARGET AUDIENCE NOTE
Target audience note J <br/>
Source Raz-Plus <br/>
650 ## - SUBJECT ADDED ENTRY--TOPICAL TERM
Topical term or geographic name entry element ខ្លាធំនិងសេក
Form subdivision រឿងនិទានកុមារ​
650 ## - SUBJECT ADDED ENTRY--TOPICAL TERM
Topical term or geographic name entry element Tiger and parrot
Form subdivision Children's stories
700 ## - ADDED ENTRY--PERSONAL NAME
Personal name U, May
Relator term Illustrator
942 ## - ADDED ENTRY ELEMENTS (KOHA)
Source of classification or shelving scheme Dewey Decimal Classification
Koha item type Khmer Books
Suppress in OPAC No
Holdings
Withdrawn status Lost status Source of classification or shelving scheme Damaged status Not for loan Collection Home library Current library Shelving location Date acquired Total Checkouts Full call number Barcode Date last seen Copy number Price effective from Koha item type
    Dewey Decimal Classification     Khmer-English Bilingual / ភាសាខ្មែរ-អង់គ្លេស Footprints International School Library Network Toul Tom Poung Campus Footprints International School Library Network Toul Tom Poung Campus TTP Primary Khmer Bookshelves 09/30/2025   SOT PZ7 590 FISBK072193 09/30/2025 1 09/30/2025 Khmer Books
    Dewey Decimal Classification     Khmer-English Bilingual / ភាសាខ្មែរ-អង់គ្លេស Footprints International School Library Network Toul Tom Poung Campus Footprints International School Library Network Toul Tom Poung Campus TTP Primary Khmer Bookshelves 10/23/2025   SOT PZ7 590 FISBK03882 10/23/2025 2 10/23/2025 Khmer Books